Formule 1 - Les victoires surprises en F1 - Statistiques

Statistiques générales
  • Ce quiz a été pris 72 fois
  • Le résultat moyen est 6 sur 10
Statistiques - réponses
Question Réponse % Correct
Quel pilote devint le plus jeune vainqueur d'un Grand Prix de Formule 1 en s'imposant lors du GP d'Espagne 2016 à l'âge de 18 ans, 7 mois et 15 jours ? Max Verstappen
82%
Quel pilote français remporta, au volant d'une AlphaTauri, la première victoire de sa carrière à l'issue du rocambolesque Grand Prix d'Italie 2020 ? Pierre Gasly
82%
Avec quelle écurie Sebastian Vettel obtint-il la première victoire de sa carrière à l'issue du Grand Prix d'Italie 2008 ? Toro Rosso-Ferrari
77%
Quel pilote a réussi l'impossible en remportant le GP de Monaco 1996 en s'élançant depuis la 14e position sur la grille de départ ? Olivier Panis
72%
Au cours de quelle saison les 7 premières courses ont-elles été remportées par 7 pilotes différents (dont Pastor Maldonado) ? 2012
60%
Quel pilote a signé la première victoire de sa carrière à l'issue du GP de Hongrie 2006, très fortement perturbé par la pluie ? Jenson Button
50%
Lors du Grand Prix de Belgique 1998, marqué dès le départ par un spectaculaire carambolage impliquant 13 voitures, quel pilote signe la 22e et dernière victoire de sa carrière ? Damon Hill
48%
Un temps attribuée à Kimi Räikkönen, à qui revint finalement la victoire du Grand Prix du Brésil 2003, marqué par de très nombreux accidents ? Giancarlo Fisichella
47%
Lors du Grand Prix d'Europe 1999 au Nürburgring, quel pilote parvint à arracher la victoire au volant d'une Stewart-Ford dans des conditions de course chaotiques ? Johnny Herbert
47%
Quel pilote a signé sa première victoire en F1 à l'issue du Grand Prix d'Allemagne 2000, un temps neutralisé suite à l'intrusion d'un spectateur sur le circuit ? Rubens Barrichello
42%
Aucun quiz correspondant
Distribution des résultats
% des personnes avec chaque résultat
Percentile par nombre de réponses
Votre historique - résultats
Vous n’avez pas pris ce quiz